000 00393nam a22001577a 4500
003 SGT
020 _a9788175813021
082 _a823,DES
100 _aANITA DESAI
245 _aCRY, THE PEACOCK
260 _aNEW DELHI
_bRAMA BROTHERS INDIA
_c2010
300 _a176
650 _aENGLISH FICTION
653 _aLIFE AND WORKS, A CRITICAL SURVEY OF ANITA DESAI,S NOVELS
942 _2ddc
_cFCM
999 _c9452
_d9452